Normal view
MARC view
- Lo, C. P.
Entry Personal Name
001 - CONTROL NUMBER
- control field: 24091
003 - CONTROL NUMBER IDENTIFIER
- control field: NUST
005 - DATE AND TIME OF LATEST TRANSACTION
- control field: 20191015180125.0
008 - FIXED-LENGTH DATA ELEMENTS
- fixed length control field: 191015|| aca||aabn | a|a d
040 ## - CATALOGING SOURCE
- Original cataloging agency: NUST
- Transcribing agency: NUST
100 ## - HEADING--PERSONAL NAME
- Personal name: Lo, C. P.
- Fuller form of name: (Chor Pang),
- Dates associated with a name: 1939-
670 ## - SOURCE DATA FOUND
- Source citation: Work cat.: (NUST)0: Lo, C. P. (Chor Pang), 1939-, Concepts and techniques of geographic information systems /, c2007.
